000 00499nam a2200181Ia 4500
001 4372
005 20260306145751.0
008 260306t2016||||xx |||||||||||||| ||spa||
041 _aESP
082 _a320.985
_bM22
100 _aManrique Linares, Angel María
_eAUT
245 0 _aCátedra Arequipa:
_btercera sesión, gestión y políticas públicas en gobiernos regionales
260 _c2016
300 _a233 páginas :
_c23 cm.
650 _aGEN
654 _aCDE
942 _cLIB
_dJUS
_fJUS
_2ddc
_n
999 _c4372
_d4372